000 00779nam a2200217 a 4500
001 000023903
005 20200930022545.0
008 110117s1970 mx a r 000 0 spa d
040 _aDO-SdBNP
_bspa
_cBNPHU
082 _axxxxx
_bC397s
110 1 _aCentro Regional de Ayuda Técnica
_949164
245 1 0 _aSeguridad industrial :
_bcuidado y buen orden de la fábrica, prevención y protección contra incendios y explosiones.
260 _aMéxico, D. F. :
_bAgencia para el Desarrollo Internacional (AID),
_c1970.
300 _a126 p. :
_bil. ;
_c22.5 cm.
490 1 _aSerie F
490 1 _aManual de adiestramiento ;
_v78
500 _aEn la portada: Guía para el maestro.
830 0 _aSerie F
_949165
830 0 _aManual de adiestramiento ;
_n78
_949166
049 _aBNGR
999 _c23399
_d23399